00293pab a2200109 454500008003600000100001700036245004800053650002100101650002600122650001600148773001900164180718b xxu||||| |||| 00| 0 eng d aRoy, Shyamal aAgriculture and health: the policy linkages a Health Services a Economic Development aAgriculture aEconomic Times